| 000 | 01181nam a22001577a 4500 | ||
|---|---|---|---|
| 999 |
_c59469 _d59469 |
||
| 003 | Ge_BSU | ||
| 005 | 20230227103927.0 | ||
| 008 | 230224s2012 ge ||||| |||| 00| 0 geo d | ||
| 041 | _ageo | ||
| 080 | _a323.26(479.22)+329.052(479.22) ს-16 | ||
| 245 |
_aსავარაუდოდ პოლიტიკური მოტივაციის მქონე სისხლის სამართლის და ადმინისტრაციულ სამართალდარღვევათა საქმეები : _bსამართლებრივი ანალი. ნაწილი 2 / _c[ავტორი ეკა ხუციშვილი] რედ. ხათუნა ყვირალაშვილი; საქართველოს ახალგაზრდა იურისტთა ასოციაცია. |
||
| 300 |
_a148 გვ.; _b25 სმ. |
||
| 700 |
_aყვირალაშვილი, ხათუნა _eრედაქტორი _917044 |
||
| 710 |
_aსაქართველოს ახალგაზრდა იურისტთა ასოციაცია. _916851 |
||
| 942 |
_2udc _cBK |
||